000 00549nam a2200181 a 4500
020 _a2040156151
040 _cDLC
082 0 0 _a628 DUN 1984 A045 Or.
100 1 _aRodier, J.
245 1 2 _aL'analyse de l'eau :
_beaux naturelles, eaux résiduaires, eau de mer : chimie, physico-chimie, bactériologie, biologie /
250 _a7e éd.
260 _a[Paris] :
_bDunod,
_cc1984.
300 _aviii, 1365 p. :
_bill. ;
_c25 cm.
500 _a"Graphique carbonique": leaf in pocket.
650 0 _aWater
650 0 _aWater chemistry.
942 _cEK
999 _c13129
_d13129